[Event "Mar del Plata op"]
[Site "Mar del Plata"]
[Date "1988.??.??"]
[Round "2"]
[White "Filguth, Rubens Alberto"]
[Black "Abramson, Horacio"]
[Result "0-1"]
[WhiteElo "2410"]
[BlackElo "2250"]
[PlyCount "80"]
[EventDate "1988.??.??"]
[EventType "swiss"]
[EventRounds "9"]
[EventCountry "ARG"]
[SourceTitle "EXT 2003"]
[Source "ChessBase"]
[SourceDate "2002.11.25"]
[SourceVersion "1"]
[SourceVersionDate "2002.11.25"]
[SourceQuality "1"]

1. c4 e6 2. Nf3 Nf6 3. g3 b6 4. Bg2 Bb7 5. 0-0 Be7 6. d4 0-0 7. Nc3 Ne4 8. Bd2 f5 9. Rc1 Bf6 10. d5 Nd6 11. Bf4 h6 12. Qb3 Bxc3 13. Rxc3 Ne4 14. Rcc1 a5 15. Rfd1 Na6 16. dxe6 Nac5 17. Qc2 Nxe6 18. Be5 Qe7 19. b3 Rae8 20. e3 d6 21. Bb2 Qf7 22. a3 Qh5 23. Rd5 c6 24. Rdd1 c5 25. Nd2 N6g5 26. h4 Nxd2 27. Bxb7 Ndf3+ 28. Kg2 Ne4 29. Rh1 Nfd2 30. Bd5+ Kh8 31. Bxe4 Nxe4 32. Rcd1 Re6 33. Rd5 Nxg3 34. fxg3 Rxe3 35. Rf1 Re2+ 36. Qxe2 Qxe2+ 37. Rf2 Qe6 38. h5 Kg8 39. Bc1 Qe4+ 40. Rf3 a4 0-1

[Event "BRA-ch"]
[Site "Canela"]
[Date "1987.11.??"]
[Round "3"]
[White "De Castro, Alexandre Zanini"]
[Black "Filguth, Rubens Alberto"]
[Result "0-1"]
[WhiteElo "2360"]
[BlackElo "2405"]
[PlyCount "58"]
[EventDate "1987.11.??"]
[EventType "tourn"]
[EventRounds "15"]
[EventCountry "BRA"]
[SourceTitle "EXT 2003"]
[Source "ChessBase"]
[SourceDate "2002.11.25"]
[SourceVersion "1"]
[SourceVersionDate "2002.11.25"]
[SourceQuality "1"]

1. e4 Nf6 2. Nc3 d5 3. e5 Nfd7 4. d4 c5 5. Nf3 cxd4 6. Qxd4 e6 7. Bg5 Nc6 8. Qa4 Qc7 9. 0-0-0 a6 10. Kb1 Bb4 11. Be3 0-0 12. Qb3 Nc5 13. Bxc5 Bxc5 14. Bd3 Nxe5 15. Nxe5 Qxe5 16. Rhe1 Qc7 17. Qa4 Be7 18. Re3 Rd8 19. Qg4 g6 20. Bf1 e5 21. Qg3 d4 22. Qxe5 dxc3 23. Rxd8+ Qxd8 24. Rd3 Qb6 25. Rxc3 Be6 26. Qe3 Rd8 27. Be2 Qa5 28. a3 Bf6 29. b4 Qd5 0-1

[Event "BRA-ch"]
[Site "Canela"]
[Date "1987.11.??"]
[Round "1"]
[White "Filguth, Rubens Alberto"]
[Black "Chemin, Vitorio"]
[Result "1/2-1/2"]
[WhiteElo "2405"]
[BlackElo "2200"]
[PlyCount "50"]
[EventDate "1987.11.??"]
[EventType "tourn"]
[EventRounds "15"]
[EventCountry "BRA"]
[SourceTitle "EXT 2003"]
[Source "ChessBase"]
[SourceDate "2002.11.25"]
[SourceVersion "1"]
[SourceVersionDate "2002.11.25"]
[SourceQuality "1"]

1. e4 c5 2. Nf3 Nc6 3. Bb5 e6 4. 0-0 Nge7 5. Re1 a6 6. Bf1 d5 7. exd5 Nxd5 8. d4 cxd4 9. Nxd4 Bc5 10. Nxc6 bxc6 11. Nd2 Nf6 12. Qe2 0-0 13. Nb3 Be7 14. Be3 Qc7 15. Bc5 a5 16. Rad1 a4 17. Bxe7 Qxe7 18. Nd4 c5 19. Nf3 Bb7 20. Ne5 Qc7 21. Nc4 Bd5 22. Qe5 Qc6 23. Qf4 Qb7 24. b3 axb3 25. axb3 Qb4 1/2-1/2

[Event "BRA-ch"]
[Site "Canela"]
[Date "1987.11.??"]
[Round "7"]
[White "Limp, Eduardo Thelio"]
[Black "Filguth, Rubens Alberto"]
[Result "0-1"]
[WhiteElo "2320"]
[BlackElo "2405"]
[PlyCount "66"]
[EventDate "1987.11.??"]
[EventType "tourn"]
[EventRounds "15"]
[EventCountry "BRA"]
[SourceTitle "EXT 2003"]
[Source "ChessBase"]
[SourceDate "2002.11.25"]
[SourceVersion "1"]
[SourceVersionDate "2002.11.25"]
[SourceQuality "1"]

1. e4 Nf6 2. e5 Nd5 3. d4 d6 4. Nf3 Bg4 5. Be2 c6 6. Ng5 Bxe2 7. Qxe2 dxe5 8. dxe5 e6 9. 0-0 Nd7 10. c4 Ne7 11. Nc3 Nf5 12. Rd1 Qc7 13. Nce4 Be7 14. g4 Nh4 15. f4 h5 16. Nd6+ Bxd6 17. exd6 Qd8 18. f5 e5 19. Ne6 fxe6 20. fxe6 Nf6 21. g5 Ng4 22. c5 Qa5 23. Be3 Qb4 24. Bf2 Nxf2 25. Qxf2 Rf8 26. Qe2 Qxc5+ 27. Kh1 g6 28. Rd2 Nf3 29. Qd3 Rf5 30. Rc2 Qa5 31. Rd1 Nd4 32. Rg2 Qd5 33. d7+ Ke7 0-1

[Event "BRA-ch"]
[Site "Canela"]
[Date "1987.11.??"]
[Round "15"]
[White "Resende, Antonio Carlos"]
[Black "Filguth, Rubens Alberto"]
[Result "1/2-1/2"]
[WhiteElo "2325"]
[BlackElo "2405"]
[PlyCount "28"]
[EventDate "1987.11.??"]
[EventType "tourn"]
[EventRounds "15"]
[EventCountry "BRA"]
[SourceTitle "EXT 2003"]
[Source "ChessBase"]
[SourceDate "2002.11.25"]
[SourceVersion "1"]
[SourceVersionDate "2002.11.25"]
[SourceQuality "1"]

1. d4 g6 2. e4 Bg7 3. Nf3 d6 4. Nc3 Nf6 5. Be2 0-0 6. 0-0 c6 7. h3 Nbd7 8. Re1 e5 9. Bf1 Re8 10. dxe5 dxe5 11. Be3 Qc7 12. a4 a5 13. Qd2 Bf8 14. Bc4 Nc5 1/2-1/2

[Event "BRA-chT Inter-Clubes"]
[Site "Curitiba"]
[Date "1987.04.??"]
[Round "6"]
[White "Filguth, Rubens Alberto"]
[Black "Van Riemsdijk, Dirk Dagobert"]
[Result "1-0"]
[WhiteElo "2405"]
[BlackElo "2280"]
[PlyCount "65"]
[EventDate "1987.04.30"]
[EventType "team-swiss"]
[EventRounds "6"]
[EventCountry "BRA"]
[SourceTitle "EXT 2022"]
[Source "ChessBase"]
[SourceDate "2021.10.06"]
[SourceVersion "1"]
[SourceVersionDate "2021.10.06"]
[SourceQuality "1"]
[WhiteTeam "Refripar ADC"]
[BlackTeam "Piracicaba"]
[WhiteTeamCountry "BRA"]
[BlackTeamCountry "BRA"]

1. c4 e5 2. Nc3 Nc6 3. g3 f5 4. Bg2 Nf6 5. d3 d6 6. e3 g6 7. Nge2 Bg7 8. Rb1 0-0 9. 0-0 g5 10. f4 h6 11. b4 Ne7 12. b5 Ng6 13. Nd5 Kh8 14. Nec3 exf4 15. exf4 Ng4 16. h3 Bd4+ 17. Kh1 gxf4 18. Bxf4 Nxf4 19. Rxf4 Nf2+ 20. Rxf2 Bxf2 21. Qd2 Bd4 22. Qxh6+ Kg8 23. Nf4 Qf6 24. Bd5+ Rf7 25. Bxf7+ Qxf7 26. Ncd5 Bg7 27. Qg5 Bd7 28. Nh5 Kf8 29. Re1 Re8 30. Rxe8+ Bxe8 31. Nxg7 Qxg7 32. Qxg7+ Kxg7 33. Nxc7 1-0

[Event "Santiago zt"]
[Site "Santiago de Chile"]
[Date "1987.??.??"]
[Round "1"]
[White "Cifuentes Parada, Roberto"]
[Black "Filguth, Rubens Alberto"]
[Result "1/2-1/2"]
[WhiteElo "2490"]
[BlackElo "2405"]
[PlyCount "40"]
[EventDate "1987.03.??"]
[EventType "tourn"]
[EventRounds "15"]
[EventCountry "CHI"]
[EventCategory "3"]
[SourceTitle "EXT 2002"]
[Source "ChessBase"]
[SourceDate "2001.11.25"]
[SourceVersion "1"]
[SourceVersionDate "2001.11.25"]
[SourceQuality "1"]

1. d4 Nf6 2. Nf3 e6 3. c4 Bb4+ 4. Bd2 Qe7 5. g3 0-0 6. Bg2 d5 7. 0-0 Nc6 8. Qc2 Rd8 9. Bg5 h6 10. Bxf6 Qxf6 11. e3 dxc4 12. Qxc4 Bf8 13. Nc3 Bd7 14. Rad1 Rac8 15. e4 Na5 16. Qe2 c5 17. e5 Qe7 18. d5 exd5 19. Nxd5 Qe8 20. Rfe1 Be6 1/2-1/2

[Event "Santiago zt"]
[Site "Santiago de Chile"]
[Date "1987.??.??"]
[Round "4"]
[White "Filguth, Rubens Alberto"]
[Black "Giardelli, Sergio Carlos"]
[Result "1/2-1/2"]
[WhiteElo "2405"]
[BlackElo "2360"]
[PlyCount "23"]
[EventDate "1987.03.??"]
[EventType "tourn"]
[EventRounds "15"]
[EventCountry "CHI"]
[EventCategory "3"]
[SourceTitle "EXT 2002"]
[Source "ChessBase"]
[SourceDate "2001.11.25"]
[SourceVersion "1"]
[SourceVersionDate "2001.11.25"]
[SourceQuality "1"]

1. c4 e6 2. Nf3 Nf6 3. Nc3 d5 4. d4 Be7 5. Bg5 0-0 6. e3 Nbd7 7. Rc1 dxc4 8. Bxc4 c5 9. 0-0 a6 10. Qe2 b5 11. Bb3 Bb7 12. Rfd1 1/2-1/2

[Event "Santiago zt"]
[Site "Santiago de Chile"]
[Date "1987.??.??"]
[Round "6"]
[White "Filguth, Rubens Alberto"]
[Black "Gomez Baillo, Jorge H"]
[Result "0-1"]
[WhiteElo "2405"]
[BlackElo "2450"]
[PlyCount "122"]
[EventDate "1987.03.??"]
[EventType "tourn"]
[EventRounds "15"]
[EventCountry "CHI"]
[EventCategory "3"]
[SourceTitle "EXT 2002"]
[Source "ChessBase"]
[SourceDate "2001.11.25"]
[SourceVersion "1"]
[SourceVersionDate "2001.11.25"]
[SourceQuality "1"]

1. e4 c6 2. Nc3 d5 3. Nf3 Bg4 4. h3 Bxf3 5. Qxf3 Nf6 6. d3 e6 7. a3 Nbd7 8. g3 Bc5 9. Bg2 dxe4 10. dxe4 e5 11. Nd1 0-0 12. Ne3 Qa5+ 13. Bd2 Qb5 14. b4 Bxe3 15. Qxe3 Qc4 16. Qd3 Nb6 17. Bc3 Rad8 18. Qxc4 Nxc4 19. Ke2 Ne8 20. Rhd1 Nc7 21. a4 f6 22. Bf1 Kf7 23. Kf3 Nd6 24. Ke3 Ke7 25. h4 Nf7 26. f4 Ne6 27. Bb2 Rxd1 28. Rxd1 Rd8 29. Rc1 b6 30. c3 Nc7 31. Be2 Rd7 32. Rg1 Ne6 33. Ba3 Nc7 34. f5 Ne8 35. g4 h6 36. Ra1 Nfd6 37. Bb2 b5 38. axb5 cxb5 39. Ra5 Nc7 40. Ba3 Kd8 41. Bc1 a6 42. Kf3 Nc4 43. Ra2 Ke7 44. g5 hxg5 45. hxg5 Rd8 46. Kg4 Rd6 47. Kh5 Kf7 48. Kh4 Ke7 49. gxf6+ gxf6 50. Kh5 Rd8 51. Bh6 Nd6 52. Bf3 Rh8 53. Kg6 Rg8+ 54. Kh7 Rg3 55. Bh5 Nxe4 56. Bg6 Nxc3 57. Rc2 N7d5 58. Kg8 e4 59. Bf8+ Kd7 60. Rh2 e3 61. Rh7+ Kc8 0-1

[Event "Santiago zt"]
[Site "Santiago de Chile"]
[Date "1987.??.??"]
[Round "5"]
[White "Panno, Oscar"]
[Black "Filguth, Rubens Alberto"]
[Result "1-0"]
[WhiteElo "2515"]
[BlackElo "2405"]
[PlyCount "79"]
[EventDate "1987.03.??"]
[EventType "tourn"]
[EventRounds "15"]
[EventCountry "CHI"]
[EventCategory "3"]
[SourceTitle "EXT 2002"]
[Source "ChessBase"]
[SourceDate "2001.11.25"]
[SourceVersion "1"]
[SourceVersionDate "2001.11.25"]
[SourceQuality "1"]

1. Nf3 Nf6 2. c4 e6 3. g3 b6 4. Bg2 Bb7 5. 0-0 Be7 6. Nc3 0-0 7. Re1 c5 8. e4 d6 9. d4 cxd4 10. Nxd4 Qc8 11. b3 a6 12. Bb2 Nbd7 13. Rc1 Re8 14. f4 g6 15. Rc2 Bf8 16. e5 dxe5 17. fxe5 Nh5 18. Nf3 Ra7 19. Ne4 Bxe4 20. Rxe4 Nc5 21. Rd4 Ng7 22. g4 Rd7 23. Rcd2 Red8 24. b4 Rxd4 25. Nxd4 Nb7 26. Nc6 Rxd2 27. Qxd2 h5 28. h3 hxg4 29. hxg4 Ne8 30. Qd4 Qc7 31. Kf1 Bg7 32. Ke2 f5 33. Bc1 Bf8 34. Be3 b5 35. cxb5 axb5 36. Qd3 Qh7 37. Qxb5 g5 38. Qc4 Ng7 39. gxf5 Qxf5 40. Nd4 1-0

[Event "Santiago zt"]
[Site "Santiago de Chile"]
[Date "1987.??.??"]
[Round "11"]
[White "Soppe, Guillermo"]
[Black "Filguth, Rubens Alberto"]
[Result "1/2-1/2"]
[WhiteElo "2350"]
[BlackElo "2405"]
[PlyCount "145"]
[EventDate "1987.03.??"]
[EventType "tourn"]
[EventRounds "15"]
[EventCountry "CHI"]
[EventCategory "3"]
[SourceTitle "EXT 2002"]
[Source "ChessBase"]
[SourceDate "2001.11.25"]
[SourceVersion "1"]
[SourceVersionDate "2001.11.25"]
[SourceQuality "1"]

1. d4 Nf6 2. c4 e6 3. Nf3 b6 4. Nc3 Bb4 5. Bg5 Bb7 6. e3 h6 7. Bh4 g5 8. Bg3 Ne4 9. Qc2 Bxc3+ 10. bxc3 d6 11. Bd3 f5 12. d5 exd5 13. cxd5 Bxd5 14. Nd4 Qf6 15. 0-0 Nd7 16. Nxf5 Ndc5 17. Nd4 0-0-0 18. f3 Nxg3 19. hxg3 h5 20. Bg6 Qe5 21. Rae1 Rdf8 22. f4 Qe7 23. e4 Bc4 24. e5 Bxf1 25. Bf5+ Rxf5 26. Qxf5+ Qd7 27. e6 Nxe6 28. Rxe6 c5 29. Qd5 cxd4 30. Rxd6 Qb5 31. Rc6+ Kb8 32. Qd6+ Ka8 33. a4 Qe2 34. Qd5 Qxg2+ 35. Qxg2 Bxg2 36. Kxg2 gxf4 37. gxf4 Rd8 38. cxd4 Rxd4 39. Kf3 Rxa4 40. f5 Ra1 41. Rh6 Rf1+ 42. Ke4 Kb7 43. Rxh5 a5 44. Ke5 a4 45. f6 a3 46. Rh7+ Kc6 47. Ra7 Rf3 48. f7 Kc5 49. Ke4 Rf1 50. Rxa3 Rxf7 51. Ra1 Rd7 52. Rc1+ Kb4 53. Rb1+ Ka5 54. Ra1+ Kb5 55. Rb1+ Kc6 56. Rc1+ Kb7 57. Rb1 Rd2 58. Ke5 Ka7 59. Ra1+ Kb8 60. Rb1 Kc7 61. Rc1+ Kd7 62. Rb1 Kc6 63. Rc1+ Kb7 64. Rb1 Rd8 65. Ke4 Rd6 66. Ke5 Rc6 67. Kd5 Rc5+ 68. Kd4 Kc6 69. Rh1 Kb5 70. Rb1+ Ka6 71. Ra1+ Ra5 72. Rb1 Ra3 73. Kc4 1/2-1/2

[Event "Olympiad-27"]
[Site "Dubai"]
[Date "1986.11.24"]
[Round "9"]
[White "Chia, Alphonsus"]
[Black "Filguth, Rubens Alberto"]
[Result "1-0"]
[WhiteElo "2205"]
[BlackElo "2390"]
[PlyCount "55"]
[EventDate "1986.11.15"]
[EventType "team-swiss"]
[EventRounds "14"]
[EventCountry "UAE"]
[SourceTitle "TD"]
[Source "ChessBase"]
[SourceDate "1994.03.01"]
[SourceVersion "1"]
[SourceVersionDate "1994.03.01"]
[SourceQuality "1"]
[WhiteTeam "Singapore"]
[BlackTeam "Brazil"]
[WhiteTeamCountry "SIN"]
[BlackTeamCountry "BRA"]

1. d4 Nf6 2. c4 e6 3. Nf3 Bb4+ 4. Nbd2 b6 5. e3 Bb7 6. Bd3 0-0 7. 0-0 c5 8. dxc5 bxc5 9. Qc2 d6 10. b3 Nbd7 11. Bb2 Qe7 12. Rad1 Rfd8 13. Ne4 Nxe4 14. Bxe4 Nf8 15. Bxb7 Qxb7 16. Ng5 Rd7 17. f4 f5 18. Nh3 Rad8 19. Nf2 Ng6 20. e4 Ne7 21. Qe2 Re8 22. Rd3 Ng6 23. Qh5 Rf8 24. Nh3 fxe4 25. Ng5 h6 26. Qxg6 hxg5 27. Rh3 Rff7 28. Bxg7 1-0

[Event "BRA-ch 53th"]
[Site "Garanhuns"]
[Date "1986.09.??"]
[Round "11"]
[White "Filguth, Rubens Alberto"]
[Black "Van Riemsdijk, Herman Claudius"]
[Result "1-0"]
[WhiteElo "2390"]
[BlackElo "2360"]
[PlyCount "73"]
[EventDate "1986.09.??"]
[EventType "swiss"]
[EventRounds "11"]
[EventCountry "BRA"]
[SourceTitle "EXT 2000"]
[Source "ChessBase"]
[SourceDate "1999.11.16"]
[SourceVersion "1"]
[SourceVersionDate "1999.11.16"]
[SourceQuality "1"]

1. c4 g6 2. Nc3 Bg7 3. g3 c5 4. Bg2 Nc6 5. e4 d6 6. Nge2 e6 7. d3 Nge7 8. Be3 Nd4 9. 0-0 0-0 10. Rb1 b6 11. Qd2 Re8 12. Bh6 Bh8 13. Nxd4 cxd4 14. Ne2 Bb7 15. Rbe1 Qd7 16. Qd1 b5 17. b3 Rac8 18. Qb1 d5 19. exd5 exd5 20. cxb5 Qxb5 21. Bd2 Ba6 22. Nf4 g5 23. a4 Qc5 24. Rc1 Qd6 25. Rxc8 Bxc8 26. Ne2 Qg6 27. Re1 Bf6 28. b4 h5 29. b5 h4 30. gxh4 Kh7 31. hxg5 Bxg5 32. Bxg5 Qxg5 33. Qc1 Qf5 34. Ng3 Qxd3 35. Bf1 Qc3 36. Qd1 Be6 37. Rxe6 1-0

[Event "BRA-ch 53th"]
[Site "Garanhuns"]
[Date "1986.09.??"]
[Round "6"]
[White "Limp, Eduardo Thelio"]
[Black "Filguth, Rubens Alberto"]
[Result "0-1"]
[WhiteElo "2275"]
[BlackElo "2390"]
[PlyCount "46"]
[EventDate "1986.09.??"]
[EventType "swiss"]
[EventRounds "11"]
[EventCountry "BRA"]
[SourceTitle "EXT 2000"]
[Source "ChessBase"]
[SourceDate "1999.11.16"]
[SourceVersion "1"]
[SourceVersionDate "1999.11.16"]
[SourceQuality "1"]

1. Nf3 Nf6 2. g3 b6 3. Bg2 Bb7 4. d3 d5 5. 0-0 e6 6. Nbd2 Be7 7. e4 dxe4 8. Ng5 0-0 9. Re1 c5 10. Ndxe4 Nxe4 11. Nxe4 Nc6 12. Qh5 Qd7 13. Ng5 Bxg5 14. Bxg5 Nd4 15. Re4 f6 16. Be3 Nxc2 17. Rc1 g6 18. Qh3 Bxe4 19. Bxe4 Nxe3 20. Bxa8 Nf5 21. Be4 Nd4 22. Re1 Qd6 23. Kg2 f5 0-1

[Event "Havana-B"]
[Site "Havana"]
[Date "1986.??.??"]
[Round "?"]
[White "Filguth, Rubens Alberto"]
[Black "Garcia Martinez, Silvino"]
[Result "1/2-1/2"]
[WhiteElo "2405"]
[BlackElo "2455"]
[PlyCount "26"]
[EventDate "1986.02.??"]
[EventType "tourn"]
[EventRounds "12"]
[EventCountry "CUB"]
[EventCategory "8"]
[SourceTitle "EXT 1998"]
[Source "ChessBase"]
[SourceDate "1997.11.17"]
[SourceVersion "1"]
[SourceVersionDate "1997.11.17"]
[SourceQuality "1"]

1. c4 e5 2. Nc3 Nc6 3. g3 g6 4. Bg2 Bg7 5. d3 d6 6. e4 Nd4 7. Nge2 Bg4 8. h3 Bf3 9. 0-0 Nxe2+ 10. Nxe2 Bxg2 11. Kxg2 Ne7 12. Bg5 h6 13. Be3 f5 1/2-1/2

[Event "Havana-B"]
[Site "Havana"]
[Date "1986.??.??"]
[Round "?"]
[White "Filguth, Rubens Alberto"]
[Black "Spraggett, Kevin"]
[Result "0-1"]
[WhiteElo "2405"]
[BlackElo "2535"]
[PlyCount "70"]
[EventDate "1986.02.??"]
[EventType "tourn"]
[EventRounds "12"]
[EventCountry "CUB"]
[EventCategory "8"]
[SourceTitle "EXT 1998"]
[Source "ChessBase"]
[SourceDate "1997.11.17"]
[SourceVersion "1"]
[SourceVersionDate "1997.11.17"]
[SourceQuality "1"]

1. c4 e5 2. Nc3 d6 3. g3 g6 4. Bg2 Bg7 5. e3 f5 6. Nge2 Nf6 7. 0-0 0-0 8. b3 c6 9. d3 Na6 10. Bb2 Bd7 11. Qd2 Qe7 12. Rad1 Rad8 13. h3 h5 14. h4 Nc7 15. Rde1 Bc8 16. Kh1 d5 17. Qc1 Rfe8 18. cxd5 cxd5 19. Ng1 b6 20. Rd1 Ba6 21. Rfe1 Ne6 22. Nf3 Ng4 23. Kg1 e4 24. dxe4 dxe4 25. Nh2 Ne5 26. Nd5 Qf7 27. Bxe5 Bxe5 28. Qa3 Bd3 29. Rxd3 exd3 30. Rd1 Nc5 31. b4 Ne4 32. Nf4 Bxf4 33. gxf4 Qc4 34. Nf3 Qc2 35. Qb3+ Kg7 0-1

[Event "Havana-B"]
[Site "Havana"]
[Date "1986.??.??"]
[Round "?"]
[White "Filguth, Rubens Alberto"]
[Black "Vilela de Acuna, Jose Luis"]
[Result "1-0"]
[WhiteElo "2405"]
[BlackElo "2410"]
[PlyCount "35"]
[EventDate "1986.02.??"]
[EventType "tourn"]
[EventRounds "12"]
[EventCountry "CUB"]
[EventCategory "8"]
[SourceTitle "EXT 1998"]
[Source "ChessBase"]
[SourceDate "1997.11.17"]
[SourceVersion "1"]
[SourceVersionDate "1997.11.17"]
[SourceQuality "1"]

1. c4 c6 2. d4 d5 3. cxd5 cxd5 4. Nc3 Nc6 5. Bf4 Nf6 6. e3 e6 7. Bd3 Be7 8. h3 Bd7 9. Nf3 Rc8 10. Rc1 Qb6 11. Qd2 0-0 12. 0-0 Na5 13. Ne5 Be8 14. Nxd5 Nxd5 15. Rxc8 Bb4 16. Qc2 Nxf4 17. Bxh7+ Kh8 18. Rxe8 1-0

[Event "Havana-B"]
[Site "Havana"]
[Date "1986.??.??"]
[Round "?"]
[White "Sieiro Gonzalez, Luis"]
[Black "Filguth, Rubens Alberto"]
[Result "1/2-1/2"]
[WhiteElo "2365"]
[BlackElo "2405"]
[PlyCount "123"]
[EventDate "1986.02.??"]
[EventType "tourn"]
[EventRounds "12"]
[EventCountry "CUB"]
[EventCategory "8"]
[SourceTitle "EXT 1998"]
[Source "ChessBase"]
[SourceDate "1997.11.17"]
[SourceVersion "1"]
[SourceVersionDate "1997.11.17"]
[SourceQuality "1"]

1. e4 e6 2. d4 d5 3. Nc3 Bb4 4. a3 Bxc3+ 5. bxc3 dxe4 6. Qg4 Nf6 7. Qxg7 Rg8 8. Qh6 b6 9. Ne2 Bb7 10. Ng3 Rg6 11. Qd2 Nc6 12. Bb2 Qd7 13. 0-0-0 0-0-0 14. c4 Na5 15. c5 Qd5 16. Kb1 Nc4 17. Bxc4 Qxc4 18. cxb6 axb6 19. Nf1 Nd5 20. Ne3 Nxe3 21. fxe3 Rd5 22. Rhf1 f5 23. Qb4 Qxb4 24. axb4 Rxg2 25. c4 Rd8 26. d5 exd5 27. Rxf5 dxc4 28. Rxd8+ Kxd8 29. Rf7 Rxh2 30. Bf6+ Kc8 31. Be5 Rh5 32. Rxc7+ Kb8 33. Bf4 Ka7 34. Rxc4 Ka6 35. Rc7 Bd5 36. Kb2 Kb5 37. Kc3 Rh1 38. Rd7 Bc4 39. Re7 Bd3 40. Bd6 Rc1+ 41. Kd4 Rc4+ 42. Kd5 h5 43. Re6 Bc2 44. Rh6 Bb3 45. Ke5 Bd1 46. Be7 Bf3 47. Bd8 Kxb4 48. Bxb6 Rc8 49. Bd4 Kc4 50. Kf4 Rg8 51. Rh7 Kd3 52. Rg7 Rf8+ 53. Kg3 Bg4 54. Ra7 Rf3+ 55. Kh4 Rh3+ 56. Kg5 Ke2 57. Kf4 Bf3 58. Ra2+ Kd3 59. Ra3+ Kc4 60. Ra5 Rh4+ 61. Kg3 Rg4+ 62. Kh3 1/2-1/2

[Event "BRA-ch52"]
[Site "Brasilia"]
[Date "1985.04.18"]
[Round "8"]
[White "Milos, Gilberto"]
[Black "Filguth, Rubens Alberto"]
[Result "1/2-1/2"]
[WhiteElo "2390"]
[BlackElo "2380"]
[PlyCount "61"]
[EventDate "1985.04.11"]
[EventType "swiss"]
[EventRounds "11"]
[EventCountry "BRA"]
[SourceTitle "EXT 2000"]
[Source "ChessBase"]
[SourceDate "1999.11.16"]
[SourceVersion "1"]
[SourceVersionDate "1999.11.16"]
[SourceQuality "1"]

1. Nf3 c5 2. c4 Nf6 3. Nc3 g6 4. d4 cxd4 5. Nxd4 Nc6 6. g3 Bg7 7. Bg2 0-0 8. 0-0 Nxd4 9. Qxd4 d6 10. Qd3 a6 11. Be3 Bf5 12. Qd2 Qd7 13. Bd4 Rab8 14. Rac1 Rfe8 15. Rfd1 Bh3 16. Bh1 Qf5 17. e4 Qa5 18. Bxf6 Bxf6 19. Nd5 Qxa2 20. Nxf6+ exf6 21. Qc3 b5 22. b3 bxc4 23. bxc4 Rec8 24. Qxf6 Rxc4 25. Ra1 Qc2 26. Qxd6 Re8 27. e5 Qf5 28. Re1 Rc2 29. Qd4 Qc8 30. Qa4 Rd8 31. Rad1 1/2-1/2

[Event "BRA-ch52"]
[Site "Brasilia"]
[Date "1985.04.14"]
[Round "4"]
[White "Filguth, Rubens Alberto"]
[Black "Correa, Aron Antunes"]
[Result "0-1"]
[WhiteElo "2380"]
[BlackElo "2240"]
[PlyCount "108"]
[EventDate "1985.04.11"]
[EventType "swiss"]
[EventRounds "11"]
[EventCountry "BRA"]
[SourceTitle "EXT 2000"]
[Source "ChessBase"]
[SourceDate "1999.11.16"]
[SourceVersion "1"]
[SourceVersionDate "1999.11.16"]
[SourceQuality "1"]

1. c4 Nf6 2. Nc3 e5 3. Nf3 Nc6 4. e3 g6 5. d4 d6 6. Be2 Bg7 7. d5 Ne7 8. e4 0-0 9. Be3 Ng4 10. Bg5 h6 11. Bh4 f5 12. Nd2 Nf6 13. f3 Nh5 14. Qc2 Nf4 15. Rg1 g5 16. Bf2 fxe4 17. Ndxe4 Nf5 18. 0-0-0 Nd4 19. Bxd4 exd4 20. Nb5 c6 21. dxc6 bxc6 22. Nbxd6 Qa5 23. Nxc8 Raxc8 24. Kb1 d3 25. Bxd3 Rb8 26. b3 Qe5 27. Kc1 Rbd8 28. Nf2 Qe3+ 29. Kb1 Nxd3 30. Nxd3 Rxd3 31. Qxd3 Qe5 32. Rd2 Qa1+ 33. Kc2 Qxa2+ 34. Kc1 Qa3+ 35. Kc2 Qb2+ 36. Kd1 Qa1+ 37. Kc2 Qxg1 38. Qg6 Qe3 39. Rd3 Qe2+ 40. Rd2 Qe5 41. Qxc6 Qc3+ 42. Kd1 Qxb3+ 43. Ke2 Qb8 44. Qd5+ Kh8 45. g3 Qa8 46. Ra2 Re8+ 47. Kf1 Qxd5 48. cxd5 Bd4 49. Rd2 Bb6 50. Kg2 Kg7 51. h4 Kf6 52. h5 Rd8 53. f4 gxf4 54. gxf4 Be3 0-1